Les livres les plus vendus au monde - Statistiques

Statistiques générales
  • Ce quiz a été pris 196 fois
  • Le résultat moyen est 3 sur 10
Statistiques - réponses
Nb d'exemplaires vendus Réponse % Correct
5 milliards La Bible
98%
3 milliards Le Coran
94%
135 millions Le Petit Prince
49%
150 millions Le Seigneur des Anneaux
29%
120 millions Harry Potter à l'école des sorciers
23%
800 millions Le petit livre rouge
18%
140 millions Le Hobbit
15%
100 millions Ils étaient dix
3%
200 millions Un conte de deux villes
3%
500 millions Don Quichotte de la Mancha
2%
Aucun quiz correspondant
Distribution des résultats
% des personnes avec chaque résultat
Percentile par nombre de réponses
Votre historique - résultats
Vous n’avez pas pris ce quiz